00496nam a2200145 a 4500008004100000050002200041100002400063245015200087260004100239300000900280350000900289650002700298650001000325710001500335071017s1997 ||||||||||||||||| || u aIBRD(058)ABG/1997 aWolfensohn, James D14aThe challenge of inclusion: address to the Board of Governorsc By James D. Wolfensohn, President, World Bank, Hong Kong, China, September 23, 1997 aWashington, D. C.:bWorld Bankc1997 a19p. a0.00 aWORLD BANK--CONGRESSES aBANKS aWorld Bank